zpět

Detail výsledku týmu

Barcelounoc - Vinohrady, Praha

Datum a čas kvízu

34.5 Celkem bodů Celkový počet nahraných bodů na tomto kvízu bez doplňovacích otázek.
2. Pořadí na kvízu Konečné umístění týmu na tomto kvízu.

Zaznamenané odpovědi

# Otázka Odpověď Body Výsledky
1. Podnikatel tuniského původu Fe... 1
2. Na jednu z částí souostroví Ga... 0
3. Akce, kdy agenti Státní bezpeč... 1
4. V úterý byl otevřen největší s... 1
5. Soupeřkami českých volejbalist... 0
6. Mezinárodní vesmírná stanice (... 1
7. V předchozí otázce bylo řečeno... 1
8. Standardní denní program posád... 1
9. Jak se jmenuje ruská kosmická... 0
10. První espresso kávovar, určený... 0